Loading...
Inflation accounting /
| Main Author: | |
|---|---|
| Format: | Printed Book |
| Language: | English |
| Published: |
New delhi tata mc graw hill publications,
1984.
|
| LEADER | 00371nam a2200109Ia 4500 | ||
|---|---|---|---|
| 008 | 150624b xxu||||| |||| 00| 0 eng d | ||
| 100 | |a Ramesh Gupta | ||
| 245 | |a Inflation accounting / |c Ramesh Gupta | ||
| 260 | |b New delhi tata mc graw hill publications, |c 1984. | ||
| 942 | |c BK | ||
| 999 | |c 35581 |d 35581 | ||
| 952 | |0 1 |1 0 |4 0 |7 0 |9 35580 |a UL |b UL |c ST1 |d 1998-09-01 |l 0 |p 51215 |r 2012-10-27 |w 2012-10-27 |y BK | ||